000 00569nam a2200181Ia 4500
008 151202s9999||||xx |||||||||||||| ||und||
082 _bPNVM-84863
100 _aशाळिग्राम सुषमा.
245 _aअतरापी.
260 _bमेहता पब्लिीशिंग हाउस.
260 _c2015
300 _a146
600 _aशाळिग्राम सुषमा.
630 _aअतरापी.
700 _aशाळिग्राम सुषमा.
730 _aअतरापी.
942 _cBOOK
999 _c1349715
_d1349712